02688 a2200325 45000010006000000050017000060080041000230030015000640400040000790800031001192450040001502640044001903000024002345051631002580410008018891000067018977000027019647000026019917000041020177000028020587000021020867000037021077000027021447000035021717000033022067000023022397000051022627000027023137000022023406007420260407155853.0260407a1986 arg spa dAR-UNSa-BCEJYS aAR-UNSa-BCEJYSbspacAR-UNSa-BCEJYS a342.52xPoder legislativo 10aAtribuciones del Congreso Argentino 1aBuenos Aires :bEdiciones Depalmac1986 axiv, 609 p.c23 cm. a1. Facultades del Congreso: reflexiones sobre la influencia doctrinal norteamericana - 2. Sistematización de las funciones del Congreso en orden a sus atribuciones - 3. Nación y provincias: competencias. Enfoque histórico-político - 4. Recursos financieros de la Nación - 5. El régimen constitucional de las tierras de propiedad nacional - 6. Bancos, monedas, pesas y medidas - 7. Los subsidios a las provincias - 8. Problemas generados por el aprovechamiento de ríos interprovinciales - 9. Las facultades legislativas respecto de códigos, leyes generales y leyes especiales - 10. La cláusula comercial - 11. Facultades del Congreso en materia de límites interprovinciales - 12. Facultades legislativas en materia de educación - 13. Las atribuciones del Congreso en materia demográfica - 14. El Poder Legislativo y el derecho constitucional de los extranjeros - 15. Amnistía política - 16. El régimen jurídico de los tratados internacionales en la República Argentina - 17. El Congreso y la materia religiosa - 18. Fuerzas armadas. Poderes de que depende su formación y control - 19. Los establecimientos de utilidad nacional en la doctrina constitucional - 20. El poder de provisión o reserva en el Estado federal argentino a la luz de la cláusula instrumental genérica - 21. La función electoral del Congreso - 22. La investigación congresional: las comisiones investigadoras - 23. El juicio político - 24. Atribuciones del Congreso y del presidente sobre intervenciones federales mediante los proyectos de la ley y sus debates (siglo XIX y XX) - 25. Intervenciones federales. aspa1 aInstituto Argentino de Estudios Constitucionales y Políticos1 aPérez Guilhou, Dardo1 aCalderon, Raúl Enoc1 aCastorina de Tarquini, María Celia1 aEgües, Carlos Alberto1 aFarrando, Ismael1 aLópez, Joaquín Manuel Rufino1 aLuna, Eduardo Fernando1 aMartínez Peroni, José Luis1 aRamella de Jefferies, Susana1 aReina, Ana María1 aSeghesso de López Aragón, María Cristina1 aSegovia, Juan Fernando1 aSeisdedos, Felipe